حسن الأسوة بما ثبت عن الله ورسوله في النسوة (رقم التسجيلة. 20777)
[ عرض عادي ]
| 000 -الفاتح | |
|---|---|
| حقل البيانات ثابتة الطول | 00831cam a22001931a 4500 |
| 003 - محدد رقم الضبط | |
| رقم الضبط | OSt |
| 005 - وقت وتاريخ اخر تعامل مع التسجيلة | |
| رقم الضبط | 20150408114008.0 |
| 008 - عناصر البيانات ثابتة الطول - معلومات عامة | |
| حقل البيانات ثابتة الطول | 040406s2010 jo f 00010 ara c |
| 040 ## - مصدر الفهرسة | |
| وكالة الفهرسة الأصلية | MU |
| لغة الفهرسة | ara |
| وكالة النسخ | MB |
| 082 00 - رقم تصنيف ديوى العشرى | |
| رقم التصنيف | 210.3 |
| رقم الطبعة | 21 |
| رقم المادة | ق م ح |
| 100 1# - المدخل الرئيسى - إسم شخصى | |
| الإسم الشخصى | القنوجي، محمد صديق بن حسن بن علي، |
| 9 (RLIN) | 9645 |
| التواريخ المصاحبة للاسم | 1248-1307 |
| 245 10 - بيان العنوان | |
| العنوان | حسن الأسوة بما ثبت عن الله ورسوله في النسوة |
| بيان المسئوليه,etc | تأليف أبي الطيب صديق حسن خان بن علي البخاري القنوجي، حققه وخرج احاديث |
| 260 ## - PUBLICATION, DISTRIBUTION, ETC. (IMPRINT) | |
| مكان الناشر او الموزع | بيروت |
| اسم الناشر او الموزع | مكتبة دار البيان |
| تاريخ النشر أو التوزيع | 2008 |
| 300 ## - الوصف المادى | |
| التعداد | 656 ص. ؛ |
| أبعاد الوعاء | 24 سم. |
| 650 #7 - المدخل الاضافى بالموضوع-مصطلح موضوعى | |
| مصطلح موضوعي أو اسم جغرافي كعنصر مدخل | المرأة المسلمة |
| مصدر الرأس أو المصطلح | aucsh |
| 9 (RLIN) | 9646 |
| 650 #7 - المدخل الاضافى بالموضوع-مصطلح موضوعى | |
| مصطلح موضوعي أو اسم جغرافي كعنصر مدخل | المراة في الاسلام |
| 9 (RLIN) | 1668 |
| 700 ## - المدخل الاضافى - اسم شخصى | |
| الإسم الشخصى | عيون ،بشير محمد |
| 9 (RLIN) | 9647 |
| 942 ## - عناصر المدخل الإضافي( كوها) | |
| مصدر التصنيف او مخطط الترفيف | Dewey Decimal Classification |
| Koha [default] item type | كتاب |
| حالة الفقد | نموذج السعر الفعال | حالة تلف | ليس للاعارة | رقم الطلب | تاريخ الاكتساب | الموقع الحالي | الباركود | الفرع الرئيسي | Date last checked out | Date last seen | نوع المادة فى نظام كوها | مصدر التصنيف او خطة الترفيف | Total Checkouts |
|---|---|---|---|---|---|---|---|---|---|---|---|---|---|
| 2013-03-10 | 210.3 ق م ح | 2012-02-25 | مكتبة كلية العلوم و الدراسات الإنسانية برماح - طالبات (SRF) | 00075692 | مكتبة كلية العلوم و الدراسات الإنسانية برماح - طلاب (SRM) | 2024-12-19 | 2025-02-13 | كتاب | Dewey Decimal Classification | 1 | |||
| 2013-03-10 | 210.3 ق م ح | 2012-02-25 | مكتبة كلية العلوم و الدراسات الإنسانية برماح - طلاب (SRM) | 00075691 | مكتبة كلية العلوم و الدراسات الإنسانية برماح - طلاب (SRM) | 2013-03-10 | كتاب | Dewey Decimal Classification | |||||
| 2013-03-10 | 210.3 ق م ح | 2012-02-25 | مكتبة كلية العلوم و الدراسات الإنسانية برماح - طلاب (SRM) | 00075690 | مكتبة كلية العلوم و الدراسات الإنسانية برماح - طلاب (SRM) | 2014-04-29 | 2014-05-12 | كتاب | Dewey Decimal Classification | 1 |
